Statistics for All Metro Areas in the U.S.

Click here to take the quiz!

General Stats

  • This quiz has been taken 66 times
  • The average score is 223 of 384

Answer Stats

PopulationState(s)Answer% Correct
86,222,908GeorigaAtlanta-Sandy Springs-Alpharetta
100%
114,900,550Massachusetts, New HampshireBoston-Cambridge-Newton
100%
491,161,192New YorkBuffalo-Cheektowaga
100%
39,442,159Illinois, Indiana, WisconsinChicago-Naperville-Elgin
100%
47,943,685TexasDallas-Fort Worth-Arlington
100%
192,985,871ColoradoDenver-Aurora-Lakewood
100%
144,345,761MichiganDetroit-Warren-Dearborn
100%
57,340,118TexasHouston-The Woodlands-Sugar Land
100%
332,142,193IndianaIndianapolis-Carmel-Anderson
100%
212,872,322CaliforniaLos Angeles-Long Beach-Anaheim
100%
441,330,954Tennessee, Arkansas, MississippiMemphis
100%
96,139,340FloridaMiami-Fort Lauderdale-Pompano Beach
100%
401,559,792WisconsinMilwaukee-Waukesha
100%
163,693,729Minnesota, WisconsinMinneapolis-St. Paul-Bloomington
100%
222,764,182FloridaOrlando-Kissimmee-Sanford
100%
76,241,164Pennsylvania, New Jersey, Delaware, MarylandPhiladelphia-Camden-Wilmington
100%
103561,576MainePortland-South Portland
100%
252,509,140Oregon, WashingtonPortland-Vancouver-Hillsboro
100%
461,266,191UtahSalt Lake City
100%
183,276,208CaliforniaSan Diego-Chula Vista-Carlsbad
100%
134,579,599CaliforniaSan Francisco-Oakland-Berkeley
100%
154,034,248WashingtonSeattle-Tacoma-Bellevue
100%
262,421,115TexasAustin-Round Rock-Georgetown
97%
202,835,672MarylandBaltimore-Columbia-Towson
97%
232,756,069North Carolina, South CarolinaCharlotte-Concord-Gastonia
97%
315129,303TennesseeCleveland
97%
342,063,132OhioCleveland-Elyria
97%
37583,540IndianaColumbus
97%
161324,416Georgia, AlabamaColumbus
97%
322,161,511OhioColumbus
97%
241181,579TennesseeJackson
97%
268160,066MichiganJackson
97%
99580,661MississippiJackson
97%
218207,298North CarolinaJacksonville
97%
381,675,668FloridaJacksonville
97%
312,209,152Missouri, KansasKansas City
97%
292,322,985NevadaLas Vegas-Henderson-Paradise
97%
451,285,426KentuckyLouisville/Jefferson County
97%
352,046,715TennesseeNashville-Davidson--Murfreesboro--Franklin
97%
471,246,176LouisianaNew Orleans-Metairie
97%
119,617,868New York, New Jersey, PennsylvaniaNew York-Newark-Jersey City
97%
105,015,678ArizonaPhoenix-Mesa-Chandler
97%
282,349,172PennsylvaniaPittsburgh
97%
411,484,338North CarolinaRaleigh-Cary
97%
431,341,227VirginiaRichmond
97%
272,416,702CaliforniaSacramento-Roseville-Folsom
97%
242,655,342TexasSan Antonio-New Braunfels
97%
212,799,828Missouri, IllinoisSt. Louis
97%
66,373,829DC, Virginia, Maryland, West VirginiaWashington-Arlington-Alexandria
97%
121461,058PennsylvaniaYork-Hanover
97%
501,116,857AlabamaBirmingham-Hoover
94%
75813,801IdahoBoise City
94%
82729,053IowaDes Moines-West Des Moines
94%
481,221,303ConnecticutHartford-East Hartford-Middletown
94%
421,459,380OklahomaOklahoma City
94%
361,938,524CaliforniaSan Jose-Sunnyvale-Santa Clara
94%
88694,523MassachusettsSpringfield
94%
116484,613MissouriSpringfield
94%
306134,831OhioSpringfield
94%
222205,513IllinoisSpringfield
94%
173,290,730FloridaTampa-St. Petersburg-Clearwater
94%
56995,638HawaiiUrban Honolulu
94%
371,808,102VirginiaVirginia Beach-Norfolk-Newport News
94%
288146,387GeorgiaAlbany
90%
314130,467OregonAlbany-Lebanon
90%
64904,617New YorkAlbany-Schenectady-Troy
90%
67873,060LouisianaBaton Rouge
90%
192250,554West VirginiaCharleston
90%
73830,529South CarolinaCharleston-North Charleston
90%
302,268,393OhioCincinnati
90%
80765,424ColoradoColorado Springs
90%
68871,323TexasEl Paso
90%
81757,945ArkansasLittle Rock-North Little Rock-Conway
90%
143388,243AlabamaMontgomery
90%
391,673,802Rhode Island, MassachusettsProvidence-Warwick
90%
531,057,597ArizonaTucson
90%
541,033,157OklahomaTulsa
90%
71847,804South CarolinaColumbia
87%
213214,749MissouriColumbia
87%
93650,039KansasWichita
87%
61923,925New MexicoAlbuquerque
84%
62916,108CaliforniaBakersfield
84%
551,015,190CaliforniaFresno
84%
106540,870MichiganLansing-East Lansing
84%
155341,229NebraskaLincoln
84%
70870,163ConnecticutNew Haven-Milford
84%
58976,875Nebraska, IowaOmaha-Council Bluffs
84%
114501,206NevadaReno
84%
205228,073MinnesotaRochester
84%
521,081,152New YorkRochester
84%
125436,317OregonSalem
84%
98597,919WashingtonSpokane-Spokane Valley
84%
142391,680FloridaTallahassee
84%
89688,471North CarolinaWinston-Salem
84%
87697,627OhioAkron
81%
183271,480TexasAmarillo
81%
136400,470AlaskaAnchorage
81%
59963,211ConnecticutBridgeport-Stamford-Norwalk
81%
76812,595OhioDayton
81%
112517,916KentuckyLexington-Fayette
81%
90687,077WisconsinMadison
81%
128428,780AlabamaMobile
81%
92653,633New YorkSyracuse
81%
94640,384OhioToledo
81%
201231,783KansasTopeka
81%
96622,829Georgia, South CarolinaAugusta-Richmond County
77%
190258,663North Dakota, MinnesotaFargo
77%
511,094,198MichiganGrand Rapids-Kentwood
77%
97603,493PennsylvaniaHarrisburg-Carlisle
77%
63906,674TennesseeKnoxville
77%
84714,454UtahProvo-Orem
77%
274155,664New MexicoSanta Fe
77%
134418,373GeorgiaSavannah
77%
144385,154LouisianaShreveport-Bossier City
77%
146380,688New JerseyTrenton-Princeton
77%
168300,658North CarolinaWilmington
77%
57980,836Massachusetts, ConnecticutWorcester
77%
113514,465AlabamaHuntsville
74%
69871,229PennsylvaniaAllentown-Bethlehem-Easton
71%
101573,767Tennessee, GeorgiaChattanooga
71%
132421,628TexasCorpus Christi
71%
91664,310North CarolinaDurham-Chapel Hill
71%
109529,318North CarolinaFayetteville
71%
100576,724ArkansasFayetteville-Springdale-Rogers
71%
79784,101North CarolinaGreensboro-High Point
71%
124,667,558CaliforniaRiverside-San Bernardino-Ontario
71%
174289,295South DakotaSioux Falls
71%
231190,208MontanaBillings
68%
357100,723WyomingCheyenne
68%
145382,353OregonEugene-Springfield
68%
130426,076IndianaFort Wayne
68%
206226,250IndianaLafayette
68%
118481,125LouisianaLafayette
68%
159328,173TexasLubbock
68%
129426,594New HampshireManchester-Nashua
68%
102567,998PennsylvaniaScranton--Wilkes-Barre
68%
176282,813TexasWaco
68%
150366,376MichiganAnn Arbor
65%
131425,208TexasBrownsville-Harlingen
65%
182275,592IowaCedar Rapids
65%
233186,946DelawareDover
65%
36695,356AlaskaFairbanks
65%
214212,692GeorgiaGainesville
65%
152350,903FloridaGainesville
65%
158330,292WisconsinGreen Bay
65%
66888,367TexasMcAllen-Edinburg-Mission
65%
107536,165South Carolina, North CarolinaMyrtle Beach-Conway-North Myrtle Beach
65%
163315,389VirginiaRoanoke
65%
160327,468ColoradoBoulder
61%
186267,689PennsylvaniaErie
61%
245178,991IowaIowa City
61%
287147,800MissouriJefferson City
61%
185267,780TexasLaredo
61%
199235,805GeorgiaMacon-Bibb County
61%
77793,229CaliforniaStockton
61%
212220,191GeorgiaAthens-Clarke County
58%
38458,130NevadaCarson City
58%
164314,038Indiana, KentuckyEvansville
58%
135401,983MichiganFlint
58%
251173,542North CarolinaGreenville
58%
60958,958South CarolinaGreenville-Anderson
58%
208223,337New MexicoLas Cruces
58%
37383,674MichiganMidland
58%
249176,109TexasMidland
58%
83714,919UtahOgden-Clearfield
58%
170298,758WashingtonOlympia-Lacey-Tumwater
58%
139397,009IllinoisPeoria
58%
162323,637Indiana, MichiganSouth Bend-Mishawaka
58%
180277,274AlabamaTuscaloosa
58%
120476,072North CarolinaAsheville
55%
181275,638New JerseyAtlantic City-Hammonton
55%
278153,704MaineBangor
55%
221206,549OregonBend
55%
265161,227IndianaBloomington
55%
253171,141IllinoisBloomington
55%
207223,534VirginiaCharlottesville
55%
171291,931Minnesota, WisconsinDuluth
55%
149366,778ColoradoFort Collins
55%
261165,409IdahoIdaho Falls
55%
104556,629PennsylvaniaLancaster
55%
223202,869LouisianaMonroe
55%
275155,609MichiganMonroe
55%
255169,544ColoradoPueblo
55%
292144,890South DakotaRapid City
55%
157335,342IllinoisRockford
55%
293144,322Texas, ArkansasTexarkana
55%
175288,668New YorkUtica-Rome
55%
242180,982TexasAbilene
52%
196244,889New YorkBinghamton
52%
307134,427North DakotaBismarck
52%
235184,636KentuckyBowling Green
52%
74822,453FloridaCape Coral-Fort Myers
52%
295144,060ArizonaFlagstaff
52%
358100,089ArkansasHot Springs
52%
215211,849TennesseeJohnson City
52%
310133,072KansasManhattan
52%
72832,605CaliforniaOxnard-Thousand Oaks-Ventura
52%
234185,134FloridaPanama City
52%
110523,146FloridaPensacola-Ferry Pass-Brent
52%
111520,710FloridaPort St. Lucie
52%
284151,207Iowa, Nebraska, South DakotaSioux City
52%
286149,189LouisianaAlexandria
48%
320126,282IowaAmes
48%
202230,677WashingtonBellingham
48%
248176,353North CarolinaBurlington
48%
204228,270VermontBurlington-South Burlington
48%
37879,601WyomingCasper
48%
147378,269Iowa, IllinoisDavenport-Moline-Rock Island
48%
36098,677IowaDubuque
48%
193246,751Arkansas, OklahomaFort Smith
48%
269158,636ColoradoGrand Junction
48%
37184,864MontanaGreat Falls
48%
133420,782MississippiGulfport-Biloxi
48%
167303,665Maryland, West VirginiaHagerstown-Martinsburg
48%
151354,304West Virginia, Kentucky, OhioHuntington-Ashland
48%
189261,173MichiganKalamazoo-Portage
48%
220206,636LouisianaLake Charles
48%
78787,404FloridaLakeland-Winter Haven
48%
105551,275CaliforniaModesto
48%
299141,041West VirginiaMorgantown
48%
266160,869TexasOdessa
48%
127430,449PennsylvaniaReading
48%
198241,922TexasTyler
48%
108535,499Ohio, PennsylvaniaYoungstown-Warren-Boardman
48%
216207,842ArizonaYuma
48%
141393,575TexasBeaumont
45%
156336,447Tennessee, KentuckyClarksville
45%
178279,045TexasCollege Station-Bryan
45%
272157,425AlabamaDecatur
45%
355101,483IllinoisDecatur
45%
250173,644WisconsinEau Claire
45%
349104,777New YorkIthaca
45%
236184,086MissouriJoplin
45%
188262,458VirginiaLynchburg
45%
210221,644OregonMedford
45%
326121,041MontanaMissoula
45%
342112,031IndianaMuncie
45%
140396,415FloridaOcala
45%
36198,560IdahoPocatello
45%
124439,031Maryland, DelawareSalisbury
45%
324121,834TexasSan Angelo
45%
154345,831South CarolinaSpartanburg
45%
270158,425PennsylvaniaState College
45%
36397,160TexasVictoria
45%
302136,708West Virginia, OhioWheeling
45%
197244,845WisconsinAppleton
42%
137399,316OhioCanton-Massillon
42%
209223,265IllinoisChampaign-Urbana
42%
217207,303CaliforniaChico
42%
38261,920OklahomaEnid
42%
351103,836WisconsinFond du Lac
42%
153350,176ColoradoGreeley
42%
115496,228TexasKilleen-Temple
42%
211220,816ArizonaLake Havasu City-Kingman
42%
330119,964KansasLawrence
42%
172291,219TexasLongview
42%
343111,956WashingtonLongview
42%
308134,300CaliforniaNapa
42%
138397,994FloridaNaples-Marco Island
42%
254170,718WisconsinOshkosh-Neenah
42%
37284,460ArkansasPine Bluff
42%
86703,486New YorkPoughkeepsie-Newburgh-Middletown
42%
243180,930CaliforniaRedding
42%
35999,443GeorgiaRome
42%
117482,650CaliforniaSanta Rosa-Petaluma
42%
229197,680UtahSt. George
42%
122448,747CaliforniaVallejo
42%
38361,890WashingtonWalla Walla
42%
191257,001WashingtonYakima
42%
327121,032PennsylvaniaAltoona
39%
354102,821MichiganBay City
39%
257167,534VirginiaBlacksburg-Christiansburg
39%
237183,578IdahoCoeur d'Alene
39%
281152,517AlabamaDothan
39%
219206,890IndianaElkhart-Goshen
39%
328120,418New MexicoFarmington
39%
227199,119South CarolinaFlorence
39%
277153,911AlabamaFlorence-Muscle Shoals
39%
352103,144North Dakota, MinnesotaGrand Forks
39%
37976,333NebraskaGrand Island
39%
252172,263MississippiHattiesburg
39%
226200,656LouisianaHouma-Thibodaux
39%
304135,512ArkansasJonesboro
39%
37483,574IndianaKokomo
39%
316128,081OklahomaLawton
39%
276155,196Utah, IdahoLogan
39%
173290,014CailforniaMerced
39%
344111,675IndianaMichigan City-La Porte
39%
36889,559West VirginiaParkersburg-Vienna
39%
232188,330MichiganSaginaw
39%
126432,858CaliforniaSalinas
39%
332118,638IdahoTwin Falls
39%
282151,408GeorgiaValdosta
39%
119477,544CaliforniaVisalia
39%
256167,889IowaWaterloo-Cedar Falls
39%
285149,299TexasWichita Falls
39%
244180,773AlabamaAuburn-Opelika
35%
309133,289MichiganBattle Creek
35%
36297,630OregonCorvallis
35%
353103,088AlabamaGadsden
35%
347106,027PennsylvaniaGettysburg
35%
301137,048LouisianaHammond
35%
303136,555VirginiaHarrisonburg
35%
148368,347North CarolinaHickory-Lenoir-Morgantown
35%
203228,410South CarolinaHilton Head Island-Bluffton
35%
165311,469WashingtonKennewick-Richland
35%
300139,094Wisconsin, MinnesotaLa Crosse-Onalaska
35%
38165,512Idaho, WashingtonLewiston
35%
340113,023MaineLewiston-Auburn
35%
350104,072MinnesotaMankato
35%
247176,565MichiganMuskegon
35%
329120,304KentuckyOwensboro
35%
95630,693FloridaPalm Bay-Melbourne-Titusville
35%
230195,846WisconsinRacine
35%
294144,090North CarolinaRocky Mount
35%
177282,013CaliforniaSan Luis Obispo-Paso Robles
35%
187264,370CaliforniaSanta Cruz-Watsonville
35%
123443,837CaliforniaSanta Maria-Santa Barbara
35%
225201,868MinnesotaSt. Cloud
35%
179277,673WashingtonBremerton-Silverdale-Port Orchard
32%
36794,122Maryland, West VirginiaCumberland
32%
38072,337IllinoisDanville
32%
36987,730OregonGrants Pass
32%
263164,060WisconsinJanesville-Beloit
32%
166310,483Tennessee, VirginiaKingsport-Bristol
32%
356101,115OhioLima
32%
322125,319OhioMansfield
32%
325121,597North CarolinaNew Bern
32%
65891,411FloridaNorth Port-Sarasota-Bradenton
32%
333117,841WisconsinSheboygan
32%
331119,619Missouri, KansasSt. Joseph
32%
238183,571IndianaTerre Haute
32%
283151,356New JerseyVineland-Bridgeton
32%
323124,118WashingtonWenatchee
32%
345111,077GeorgiaBrunswick
29%
36595,449Missouri, IllinoisCape Girardeau
29%
297143,604GeorigaDalton
29%
85705,897FloridaDeltona-Daytona Beach-Ormond Beach
29%
37781,426New YorkElmira
29%
346106,074IllinoisKankakee
29%
267160,256CaliforniaMadera
29%
313131,179WashingtonMount Vernon-Anacortes
29%
36495,634New JerseyOcean City
29%
317127,859MassachusettsPittsfield
29%
195246,191ArizonaPrescott Valley-Prescott
29%
298143,131TexasSherman-Denison
29%
321125,663ArizonaSierra Vista-Douglas
29%
318126,776VirginiaStaunton
29%
305134,925South CarolinaSumter
29%
228198,193GeorgiaWarner Robins
29%
260166,334WisconsinWausau-Weston
29%
200232,457MassachusettsBarnstable Town
26%
311132,563IllinoisCarbondale-Marion
26%
271157,854KentuckyElizabethtown-Fort Knox
26%
279152,981CaliforniaHanford-Corcoran
26%
312131,441PennsylvaniaJohnstown
26%
262164,365HawaiiKahului-Wailuku-Lahaina
26%
184269,902ConnecticutNorwich-New London
26%
335116,637New YorkWatertown-Fort Drum
26%
290145,300Virginia, West VirginiaWinchester
26%
341112,369West VirginiaBeckley
23%
169299,786FloridaCrestview-Fort Walton Beach-Destin
23%
194246,435AlabamaDaphne-Fairhope-Foley
23%
246178,713CaliforniaEl Centro
23%
334117,286North CarolinaGoldsboro
23%
289146,172TennesseeMorristown
23%
280152,900MichiganNiles
23%
291144,970FloridaThe Villages
23%
338114,066West Virginia, OhioWeirton-Steubenville
23%
339113,104PennsylvaniaWilliamsport
23%
239182,813CaliforniaYuba City
23%
37683,017PennsylvaniaBloomsburg-Berwick
19%
337114,877MarylandCalifornia-Lexington Park
19%
319126,440New YorkGlens Falls
19%
37087,009GeorgiaHinesville
19%
224202,661FloridaPunta Gorda
19%
348105,618FloridaSebring-Avon Park
19%
273156,902PennsylvaniaChambersburg-Waynesboro
16%
259167,198PennsylvaniaEast Stroudsburg
16%
264162,529FloridaHomosassa Springs
16%
240182,319New YorkKingston
16%
296144,011PennsylvaniaLebanon
16%
258167,352FloridaSebastian-Vero Beach
16%
336115,788AlabamaAnniston-Oxford
10%

Score Distribution

Percentile by Number Answered

Percent of People with Each Score

Your Score History

You have not taken this quiz